5-Letter Mixed-Up Sorting Gallery Quiz Stats

 Plays Quiz Updated Jun 26, 2017

Support Sporcle.
Go Orange.
Score 0/20 Timer 05:00
3 Plays Today
% Correct
CHARM
90.2%
NEQUE
87%
XEIVN
84.7%
HEART
80.3%
GROIN
78.6%
SEJAM
73.8%
DUSTY
69.5%
LAITY
68.2%
TRANG
67.6%
OOMER
65.7%
% Correct
MALES
62.7%
CIGMA
62.3%
LELAW
62.2%
VIGOR
57.3%
LOUSE
56.6%
RAJOM
54.4%
HIDIN
54.3%
LENAL
44.6%
ARCHS
37.7%
HUMAN
27.3%

You're not logged in!

Compare scores with friends on all Sporcle quizzes.
OR
Log In
Forgot?

From the Vault

57 'I' Movies

by DarkPhalanx

Right now, it's come down to you and 'I'.
Remove Ads.
Support Sporcle.
Get the best of Sporcle when you Go Orange. This ad-free experience offers more features, more stats, and more fun while also helping to support Sporcle. Thank you for becoming a member.

Show Comments

Extras

Top Quizzes Today


Score Distribution

Your Account Isn't Verified!

In order to create a playlist on Sporcle, you need to verify the email address you used during registration. Go to your Sporcle Settings to finish the process.

Report this User

Report this user for behavior that violates our Community Guidelines.

Details: